| 000 | 00871nam a2200205Ia 4500 | ||
|---|---|---|---|
| 003 | OSt | ||
| 005 | 20201022175249.0 | ||
| 008 | 191128s1986 ck gr 000 0 spa d | ||
| 040 |
_aCO-JMCR _cCO-JMCR |
||
| 041 | 0 | _aspa | |
| 082 | 0 | 4 |
_a986.136026 / _bU762l _223 |
| 100 | 1 |
_aUribe Badillo, Alfonso, _ecompilador _910909 |
|
| 245 | 1 | 0 |
_aLegislación del Tolima 1815-1985 : _bAlfonso Uribe Badillo, compilación / |
| 260 |
_aBogotá : _bCámara de Representantes, _c1986 |
||
| 300 |
_a619 páginas ; _c23 cm. |
||
| 490 | 0 | _aPensadores políticos colombianos | |
| 505 | 0 | _a1815 Constitución o forma de gobierno del Estado de Mariquita -- 1822 Decreto (de 23 de marzo) -- 1830 Decreto (de 10 de diciembre) -- 1831 Decreto (de 1° de septiembre) 1833 Decreto (de 5 de junio) -- 1834 Decreto (de 11 de abril) | |
| 650 | 1 | 4 |
_aLeyes _910910 _zTolima (Colombia) |
| 942 |
_2ddc _cBK |
||
| 999 |
_c6292 _d6292 |
||